Представление документа в формате RUSMARC

Поле Инд. ПП Название Значение
Тип записи a
Библиографический уровень a
001 Контрольный номер 74321f987d1b40d9bc6c556dfeec72dc
005 Дата корректировки 20200407131656.7
100 a Данные общей обработки 20190320 ||| 0rusy0189 ca
101 0_ a Язык текста rus
102 a Страна публикации RU
200 1_ f Первые сведения об ответственности К.А. Волков
a Заглавие Уголовная политика и судебная практика
b Общее обозначение материала Текст
210 1_ d Дата издания 2019
461 _0 1 2000
a Российский судья
463 _0 1 2000
a № 2
v С. 34-38
1 2101
d 2019
1 0010ed0b38c9d7e43e2abcf56d0741aff59
606 a Основная рубрика Право. Юридические науки
x Основная подрубрика Уголовное право
610 0_ a Ключевые слова РГУП
a Ключевые слова УГОЛОВНАЯ ПОЛИТИКА
a Ключевые слова СУДЕБНАЯ ПРАКТИКА
a Ключевые слова ПРАВОПОНИМАНИЕ
700 _1 a Фамилия Волков
b Имя К.А.
801 _0 a Страна RU
b Организация РГУП
c Дата составления 20190320
g Правила каталогизации PSBO
801 _1 a Страна RU
b Организация РГУП
c Дата составления 20190320
g Правила каталогизации PSBO
901 t Тип документа b
w Контрольный № источника 0ed0b38c9d7e43e2abcf56d0741aff59
905 a Дата ввода 20190320